00333nam a2200109Ia 4500008004100000082000800041100001600049245003900065942000600104952009800110999001500208240331s9999 xx 000 0 und d bGIN aGinott, H.G 0aKulanthaikalukkum ungalukkum idaye cL 001040708LaWERCLbWERCLcSSCd2024-03-31l0o 305.23 GINp4440r2024-03-31w2024-03-31yL c1550d1550